000 01159nam a22003137i 4500
003 EG-GICUC
005 20260121101352.0
008 251127s1948 sz ||||fr|||| 00| 0 eng d
040 _aEG-GiCUC
_beng
_cEG-GiCUC
_dEG-GiCUC
_erda
041 _aeng
082 0 4 _221
_a341.65
_bI N . R
092 0 4 _221
099 _aLaw1 11 341.65 I N . R 1948
110 2 _aInternational Committee of the Red Cross
245 1 0 _aREPORT OF THE INTERNATIONAL COMMITTEE OF THE RED CROSS ON ITS ACTIVITES DURING THE SECOND WORLD WAR.
_cInternational Committee of the Red Cross.
_nVoolume 1,
_pGENERAL ACTIVITIES /
264 1 _aGENEVA:
_bInternational Committee of the Red Cross,
_c1948.
300 _a736 pages ;
_c24 cm.
_billustrations,
336 _2rda content
_atext
337 _2rda media
_aComputer
338 _2rda carrier
_aOnline Resource
504 _aIncludes bibliographical references.
546 _aText in English
650 1 _aRED CROSS
_xPublic international law
_2qrmak
650 1 _aTHE SECOND WORLD WAR
_2qrmak
651 1 _2qrmak
856 4 0 _uhttps://fll.law.cu.edu.eg/fulltext/bks/B11-05975.pdf
905 _a75
942 _2ddc
_cBK
_e21
_n0
999 _c46480
_d46480